000 01131nam a2200301 a 4500
001 000014706
003 DO-SdBNP
005 20260429135248.0
008 100119s2009 dr 001 e spa d
020 _a9789945443431
040 _aDO-SdBNP
_bspa
_cBNPHU
082 _aRD864.5
_bR696c
100 1 _aRodríguez, Néstor E.,
_d1971-
_933201
245 1 0 _aCríticas para tiempos de poco fervor /
_cNéstor E. Rodríguez.
260 _aSanto Domingo :
_bBanco Central de la República Dominicana,
_c2009.
300 _a198 p. ;
_c23 cm.
490 1 _aColección del Banco Central de la República Dominicana
_vv. 115
490 1 _vArte y literatura
_vv. 49
500 _aIncluye datos biográficos del autor en las solapas e índice onomástico
500 _aIncluye notas al pie de las páginas
590 _aInventariado, 2021 / DG
650 1 4 _aLiteratura
_xEnsayos, conferencias, etc.
_98705
650 1 0 _aLiteratura
_xHistoria y crítica
_9835
830 0 _aColección del Banco Central de la República Dominicna
_nno. 115
_933354
830 0 _aArte y literatura
_nno. 49
_933355
910 _aD/G
942 _2ddc
_cLBS1
999 _c14289
_d14289